LEADER 04280nam 2200649 450 001 9910824529903321 005 20230807212117.0 010 $a1-118-74683-X 010 $a1-118-98932-5 010 $a1-118-74682-1 035 $a(CKB)3710000000268227 035 $a(EBL)1824199 035 $a(SSID)ssj0001412521 035 $a(PQKBManifestationID)12629527 035 $a(PQKBTitleCode)TC0001412521 035 $a(PQKBWorkID)11408660 035 $a(PQKB)10413953 035 $a(Au-PeEL)EBL1824199 035 $a(CaPaEBR)ebr10960591 035 $a(CaONFJC)MIL654920 035 $a(OCoLC)896846672 035 $a(MiAaPQ)EBC1824199 035 $a(EXLCZ)993710000000268227 100 $a20141106h20152015 uy 0 101 0 $aeng 135 $aur|n|---||||| 181 $ctxt 182 $cc 183 $acr 200 10$aInterpreting land records /$fDonald A. Wilson ; cover design, C. Wallace 205 $aSecond edition. 210 1$aHoboken, New Jersey :$cWiley,$d2015. 210 4$dİ2015 215 $a1 online resource (435 p.) 300 $aDescription based upon print version of record. 311 $a1-118-74687-2 311 $a1-322-23640-2 320 $aIncludes bibliographical references and index. 327 $aINTERPRETING LAND RECORDS; CONTENTS; PREFACE; ACKNOWLEDGMENTS; CHAPTER 1 INTRODUCTION TO LAND RECORDS; CHAPTER 2 GEOMETRY OF THE DESCRIPTION; AN 1850 DEED DESCRIPTION; DETERMINATION OF TRUE OR MAGNETIC BEARING; CIRCLES AND CURVES; THE UNITED STATES RECTANGULAR SYSTEM; FOR FURTHER REFERENCE; REFERENCES; CHAPTER 3 RECORDS RESEARCH: TITLE SEARCH OR DEED SEARCH; ADMISSIBILITY OF EVIDENCE; FOR FURTHER REFERENCE; REFERENCES; CHAPTER 4 RESEARCHING LAND RECORDS; THE USE OF FORENSIC TECHNIQUES IN LAND RECORDS INVESTIGATION; OVERCOMING PROBLEMS IN RESEARCH; PITFALLS IN RESEARCH 327 $aCHAPTER 5 RULES OF CONSTRUCTIONINTENT OF THE PARTIES; DESCRIPTION HONORED IN ITS ENTIRETY; SPECIFIC DESCRIPTION CONTROLS GENERAL DESCRIPTION; REFERENCES ARE PART OF THE DESCRIPTION; CONSTRUE AGAINST THE GRANTOR; FALSE DESCRIPTION REJECTED; MEANING AND INTENDING CLAUSE; DECISIONS RENDERING DESCRIPTIONS CERTAIN OR UNCERTAIN; CONFLICT BETWEEN GRANTING AND HABENDUM CLAUSES; FOR FURTHER REFERENCE; REFERENCES; CHAPTER 6 RELATIVE IMPORTANCE OF CONFLICTING ELEMENTS; REFERENCES; CHAPTER 7 EXCEPTIONS AND RESERVATIONS; FOR FURTHER REFERENCE; REFERENCES; CHAPTER 8 WORDS AND PHRASES; REFERENCE 327 $aCHAPTER 9 THE USE OF EXTRINSIC EVIDENCEUSE OF PAROL EVIDENCE; PARTICULAR KINDS OF AMBIGUITIES; DEEDS, MORTGAGES, AND RELATED INSTRUMENTS; WILLS; FOR FURTHER REFERENCE; REFERENCES; CHAPTER 10 MAPS, PLATS, PLANS, AND CHARTS; TOPOGRAPHIC MAPS; PANORAMIC MAPS; FIRE INSURANCE MAPS; SKETCHES; CREATION AND USE OF BASE MAPS; ADMISSIBILITY OF RECORDS; FOR FURTHER REFERENCE; REFERENCES; CHAPTER 11 PICTURES; FOR FURTHER REFERENCE; REFERENCES; CHAPTER 12 DOCUMENT EXAMINATION; HANDWRITING ANALYSIS; ANALYSIS OF TYPEWRITING; PHOTOCOPIERS AND LASER PRINTERS; DOCUMENT EXAMINATION; PHOTOGRAPHIC TECHNIQUES 327 $aCOMPARISON OF PHOTOGRAPHS TAKEN YEARS APARTModern Methods; FOR FURTHER REFERENCE; REFERENCES; APPENDIX ONE DEFINITIONS OF WORDS AND PHRASES; APPENDIX TWO DEFINITIONS OF ANCIENT LAND TERMS; INDEX; EULA 330 $aBase retracement on solid research and historically accurate interpretation Interpreting Land Records is the industry's most complete guide to researching and understanding the historical records germane to land surveying. Coverage includes boundary retracement and the primary considerations during new boundary establishment, as well as an introduction to historical records and guidance on effective research and interpretation. This new edition includes a new chapter titled "Researching Land Records," and advice on overcoming common research problems and insight into alternative resources wh 606 $aSurveying 606 $aLand tenure 615 0$aSurveying. 615 0$aLand tenure. 676 $a526.9 700 $aWilson$b Donald A.$0247080 702 $aWallace$b C. 801 0$bMiAaPQ 801 1$bMiAaPQ 801 2$bMiAaPQ 906 $aBOOK 912 $a9910824529903321 996 $aInterpreting land records$94075590 997 $aUNINA